Transfers von Bayern München über 10 Millionen - Statistiken

Allgemein
  • Dieses Quiz wurde 323 mal gespielt
  • Das Durchschnittsergebnis liegt bei 31 aus 47
Antwortstatistiken
Saison Ablöse Abgebender Verein Spieler % Korrekt
23/24 95 Millionen Spurs Harry Kane
99%
20/21 49 Millionen Man City Leroy Sane
98%
23/24 50 Millionen Neapel Min-jae Kim
96%
19/20 80 Millionen Atlético Madrid Lucas Hernandez
93%
24/25 53 Millionen Crystal Palace Michael Olise
93%
11/12 30 Millionen Schalke 04 Manuel Neuer
92%
13/14 37 Millionen Borussia Dortmund Mario Götze
91%
22/23 67 Millionen Juventus Turin Matthis de Ligt
91%
21/22 42,5 Millionen RB Leipzig Dayot Upamecano
89%
16/17 35 Millionen Borussia Dortmund Mats Hummels
89%
09/10 25 Millionen Real Madrid Arjen Robben
86%
17/18 41,5 Millionen Olympic Lyon Corentin Tolisso
86%
07/08 30 Millionen Marseille Franck Ribéry
86%
12/13 40 Millionen Atlétic Bilbao Javi Martínez
85%
15/16 30 Millionen Shakhtar Donetsk Douglas Costa
84%
09/10 30 Millionen VFB Stuttgart Mario Gomez
84%
23/24 30 Millionen Galatasaray Sacha Boey
78%
17/18 21 Millionen Juventus Turin Kingsley Coman
76%
24/25 23,5 Millionen VFB Stuttgart Hiroki Ito
75%
22/23 32 Millionen FC Liverpool Sadio Mane
75%
13/14 25 Millionen FC Barcelona Thiago Alcantara
73%
24/25 51 Millionen Fullham João Palhinha
69%
19/20 35 Millionen VFB Stuttgart Benjamin Pavard
68%
16/17 35 Millionen Benfica Lissabon Renato Sanchez
68%
06/07 10 Millionen FC Köln Lukas Podolski
67%
15/16 39,25 Millionen Juventus Turin Arturo Vidal
61%
21/22 15 Millionen RB Leipzig Marcel Sabitzer
61%
22/23 18,5 Millionen Ajax Amsterdam Ryan Gravenberch
61%
22/23 20 Millionen Stade Rennes Mathys Tel
60%
17/18 20 Millionen TSG Hoffenheim Niklas Süle
60%
17/18 Leihgebühr 13 Millionen Real Madrid James Rodriguez
58%
12/13 11,8 Millionen FC Basel Xherdan Shaqiri
57%
07/08 15 Millionen Werder Bremen Miroslav Klose
55%
18/19 14 Millionen Vancouver Whitecaps Alphonso Davis
53%
11/12 13,5 Millionen Man City Jerome Boateng
53%
07/08 11 Millionen FC Florenz Luca Toni
51%
24/25 13 Millionen Granada Bryan Zaragoza
50%
14/15 28 Millionen AS Rom Medhi Benatia
49%
12/13 13 Millionen VFL Wolfsburg Mario Mandzukic
46%
03/04 19,75 Millionen Deportivo La Coruna Roy Makaay
46%
07/08 12 Millionen São Paulo Breno
40%
10/11 17 Millionen TSG Hoffenheim Luiz Gustavo
36%
04/05 12 Millionen Bayer Leverkusen Lucio
33%
14/15 10 Millionen Valencia Juan Bernat
30%
17/18 13 Millionen TSG Hoffenheim Sandro Wagner
28%
09/10 11 Millionen Zenit St. Petersburg Anatoliy Tymoshchuk
16%
07/08 14 Millionen Gladbach Marcel Jansen
16%
Keine übereinstimmenden Quizze gefunden
Verteilung der Resultate
Anzahl Personen mit jedem Resultat
Perzentil nach korrekt beantworteten Fragen
Ihre Resultats-Entwicklung
Sie haben dieses Quiz noch nicht gespielt